|
|
|
|
| LEADER |
01639nam a2200325 a 4500 |
| 001 |
51806 |
| 003 |
BD-DhAAL |
| 008 |
120731r20111974pk 001 0 eng d |
| 010 |
|
|
|a 93930901
|
| 020 |
|
|
|a 9789845060080
|
| 020 |
|
|
|a 0195774671
|
| 040 |
|
|
|a DLC
|c DLC
|d BD-DhAAL
|
| 042 |
|
|
|a lcode
|
| 082 |
0 |
0 |
|a 320.95491
|
| 100 |
1 |
|
|a Choudhury, G. W.
|q (Golam Waheed),
|d 1926-
|9 51049
|
| 245 |
1 |
4 |
|a The last days of united Pakistan /
|c G.W. Choudhury.
|
| 260 |
|
|
|a Karachi :
|b Oxford University Press ;
|b University Press,
|c 2011
|
| 300 |
|
|
|a xiv, 240 pages ;
|c 22 cm.
|
| 500 |
|
|
|a Reprint. Originally published: Bloomington : Indiana University Press, 1974.
|
| 504 |
|
|
|a Includes bibliographical references and index.
|
| 526 |
|
|
|a GenEd
|
| 541 |
|
|
|a Book Finder International
|e 25736, 39440, 39441
|
| 651 |
|
0 |
|a Pakistan
|x Politics and government.
|9 51050
|
| 651 |
|
0 |
|a Bangladesh
|x Politics and government.
|9 51051
|
| 852 |
1 |
|
|a BRAC Institute of Governance and Development
|c General Stacks
|
| 942 |
|
|
|2 ddc
|c BK
|
| 999 |
|
|
|c 12685
|d 12685
|
| 952 |
|
|
|0 0
|1 0
|2 ddc
|4 0
|6 320_954900000000000_CHO
|7 0
|9 20908
|a IGS
|b IGS
|c GEN
|d 2012-08-05
|e The University Press
|g 400.00
|l 1
|m 2
|o 320.9549 CHO
|p 3010025736
|r 2014-06-09
|s 2013-02-18
|t 1
|w 2012-08-05
|y BK
|
| 952 |
|
|
|0 0
|1 0
|2 ddc
|4 0
|6 320_954910000000000_CHO
|7 0
|9 71489
|a SCL
|b SCL
|c GEN
|d 2022-08-03
|e Book Finder International
|g 362.00
|l 3
|m 7
|o 320.95491 CHO
|p 3020039440
|r 2025-09-16
|s 2025-08-24
|t 2
|v 0.00
|w 2022-08-03
|y BK
|
| 952 |
|
|
|0 0
|1 0
|2 ddc
|4 0
|6 320_954910000000000_CHO
|7 0
|9 71490
|a SCL
|b SCL
|c GEN
|d 2022-08-03
|e Book Finder International
|g 362.00
|l 1
|m 1
|o 320.95491 CHO
|p 3020039441
|r 2024-02-20
|s 2024-02-06
|t 3
|v 0.00
|w 2022-08-03
|y BK
|